| 000 | 00816nam a22002177a 4500 | ||
|---|---|---|---|
| 999 |
_c20428 _d20428 |
||
| 003 | AR-CdUCM | ||
| 008 | 190530b ||||| |||| 00| 0 spa d | ||
| 040 |
_aMUNICIPALIDAD PROVINCIAL DEL CUSCO _cBIBLIOTECA MUNICIPAL DEL CUSCO |
||
| 082 |
_a344.528 / _bP78 |
||
| 100 |
_aPortocarrero Hidalgo, Juan _942712 |
||
| 245 | _aDelitos contra la administración pública / | ||
| 260 |
_aLima : _bJurídica Portocarrero, _c1996. |
||
| 300 |
_a413 páginas ; _c21 cm. |
||
| 500 | _aLibro re empastado | ||
| 505 | _aContenido: Delitos contra la administración publica -- Delitos cometidos por particulares -- Usurpación de autoridad, títulos y honores... | ||
| 650 |
_aDelitos _912134 |
||
| 650 |
_aAdministración pública _921013 |
||
| 650 |
_aLegislación _92962 |
||
| 942 |
_2ddc _cLIBROS |
||
| 945 |
_adavv _d2019-05-30 |
||